| 000 | 01375nam a2200349 a 4500 | ||
|---|---|---|---|
| 001 | ebr10674997 | ||
| 003 | CaPaEBR | ||
| 006 | m u | ||
| 007 | cr cn||||||||| | ||
| 008 | 100402s2010 nyua sb 001 0 eng d | ||
| 010 | _z 2010012175 | ||
| 020 | _z9781616686680 (hardcover) | ||
| 020 | _z9781616687793 (e-book) | ||
| 040 |
_aCaPaEBR _cCaPaEBR |
||
| 035 | _a(OCoLC)747105762 | ||
| 043 | _af------ | ||
| 050 | 1 | 4 |
_aHV5840.A47 _bA37 2010eb |
| 082 | 0 | 4 |
_a363.45096 _222 |
| 245 | 0 | 0 |
_aAfrica's connection to the drug trade _h[electronic resource] / _ceditor, Peyton E. Daniels. |
| 260 |
_aHauppauge, N.Y. : _bNova Science Publishers, _cc2010. |
||
| 300 |
_aix, 126 p. : _bill. |
||
| 490 | 1 | _aAfrican political, economic, and security issues | |
| 504 | _aIncludes bibliographical references and index. | ||
| 533 |
_aElectronic reproduction. _bPalo Alto, Calif. : _cebrary, _d2013. _nAvailable via World Wide Web. _nAccess may be limited to ebrary affiliated libraries. |
||
| 650 | 0 |
_aDrug traffic _zAfrica. |
|
| 650 | 0 |
_aDrug control _zAfrica. |
|
| 655 | 7 |
_aElectronic books. _2local |
|
| 700 | 1 | _aDaniels, Peyton E. | |
| 710 | 2 | _aebrary, Inc. | |
| 830 | 0 | _aAfrican political, economic, and security issues series. | |
| 856 | 4 | 0 |
_uhttp://site.ebrary.com/lib/rucke/Doc?id=10674997 _zAn electronic book accessible through the World Wide Web; click to view |
| 999 |
_c163881 _d163881 |
||